Vojenská výroba a její specifika

Technológie dvojakého využita a zmeny v oblasti akvizičnej politiky, ktoré by motivovali komerčných výrobcov k spolupráci s ministerstvom obrany. Zakomponovanie vojenskej výroby do hospodárskej politiky štátu.

Salvato in:
Dettagli Bibliografici
Autore principale: Krč, Miroslav
Natura: Capitolo di libro
Lingua:ceco
Soggetti:
Tags: Aggiungi Tag
Nessun Tag, puoi essere il primo ad aggiungerne!!

MARC

LEADER 00000naa a2200000 4500
001 0150542
005 20231004075457.3
041 0 |a cze 
044 |a CZ 
245 1 0 |a Vojenská výroba a její specifika  |c Miroslav Krč 
520 |a Technológie dvojakého využita a zmeny v oblasti akvizičnej politiky, ktoré by motivovali komerčných výrobcov k spolupráci s ministerstvom obrany. Zakomponovanie vojenskej výroby do hospodárskej politiky štátu. 
610 2 0 |a politika hospodárska 
610 2 0 |a priemysel zbrojársky 
610 2 0 |a výroba 
610 2 0 |a technika vojenská 
610 2 0 |a technika zbrojná 
100 1 |a Krč, Miroslav